Personnages de Ici Bla-Bla en images - Statistiques

Statistiques générales
  • Ce quiz a été pris 10 fois
  • Le résultat moyen est 4 sur 8
Statistiques - réponses
Par images Réponse % Correct
Bla-bla
100%
Clic
60%
Mademoiselle Point
40%
Monsieur Virgule
40%
Raton
40%
Louis Toupti
30%
Mamy Nelly
30%
Wilbur Disquedur
30%
Aucun quiz correspondant
Distribution des résultats
% des personnes avec chaque résultat
Percentile par nombre de réponses
Votre historique - résultats
Vous n’avez pas pris ce quiz